1685 1270 1233 1994 1704 1375 1064 1234 1448 1626 1798 1607 1080 1393 1337 1372 1485 1411 1504 1245 1135 1983 1357 1529 1342 1436 1446 1374 1666 1694 1567 1023 1709 1770 1841 1420 1636 1176 1619 1800 1862 1099 1279 1836 1240 1947 1595 1859 1406 1516 1644 1223 1337 1274 1105 1916 1310 1275 1489 1533 1640 1536 1451 1539 1023 1103 1991 1948 1726 1283 1295 1800 1215 1194 1186 1434 1207 1061 1365 1515 1655 1056 1945 1973 1226 1503 1456 1127 1377 1376 1049 1389 1780 1916 1050 1534 1048 1350 1595 BCNSPRNW ULIB Ver.6.0+V

เปลี่ยนเป็นภาษาไทย

Change to English
 แสดงรายละเอียดบรรณานุกรม
  กลับหน้าหลัก

Brief Record : Get Marc (ISO 2709) : E-mail record : QR code < ปิดหน้าต่าง
LEADER : 00000nam 2200000uu 4500
001    13399123026
003     ULIB
008    020711s2550 th a 000 0 tha d
020    9789742052805
090    นว.^ก255พ
100    กรุง ญ.ฉัตร
245    พยาบาทหวาน /^cกรุง ญ.ฉัตร
250    พิมพ์ครั้งที่ 1
260    กรุงเทพฯ :^bคลังวิทยา,^c2550
300    304 หน้า
945    ^p150^l0^i021723
999    ^aทศพร
รายการนี้ยังไม่มีแท็ก
คุณยังไม่ได้ล็อกอิน คุณสามารถมีกิจกรรมร่วมกับเว็บไซต์ได้ แต่ต้องล็อกอินก่อน ::
  ล็อกอิน

รายการสื่อสารสนเทศ

ลำดับที่ ประเภท เลขเรียก/บาร์โค้ด สถานที่ สถานะ
1. นวนิยาย
นวนิยาย
นว.^ก255พ ฉ.1 
  Barcode: 021723
ห้องสมุดวิทยาเขตสวรรค์ประชารักษ์
►นวนิยาย
บนชั้น
  ขอยืม

BibComment


ยังไม่เคยถูกคอมเมนท์

คอมเมนท์ทรัพยากรรายการนี้
  คอมเมนท์: พยาบาทหวาน กรุง ..


 Copyright 2026. Bcnsprnw @Library